000 00617nam a2200205Ia 4500
005 20250508162325.0
008 008 250505s9999 xx 000 0 eng d
020 _a0-7121-2337-7
037 _aTextual
040 _aFEDL
_beng
_cFEDL
041 _aeng
_2eng
084 _a650.7, ANS
_qFEDL
100 _aAnstis R D
_9772460
245 0 _aPractical business education: An integrated approach. Book 2
260 _aEstover
_bMacdonald and Evans Limited
_c1979
300 _aviii,275p.
700 _a Fishlock S H E Stafford C E
_9772861
942 _cTEXL
_h650.7, ANS
999 _c1375840
_d1375840